00816nam a2200205 a 450000100100000000500170001000800410002704000250006808200140009310000240010724000370013124500860016826000380025430000250029250000270031770000340034470000300037895201850040899900170059300003479220200930073916.0111019s1971 fr b 000 0 spa d aDO-SdBNPbspacBNPHU axxxbT4541 aThomas, Hugh96028913aThe spanish civil warlEspañol13aLa guerre d´ Espagne /cHugh Thomas ; traducteur Jacques Brousse et Lucien Hess. aFrancia :bRobert Laffont,c1971. av. :bmap. ;c17 cm. aTraducido del inglés1 aBrousse, Jacques,etr.9602901 aHess, Lucien,etr.960291 001050718MOaGRbGRcCTd2011-10-19iLF1l0oxxx T454p34792-10r2020-06-25w2020-06-25y1zPerteneció a la biblioteca personal de Juan Isidro Jimenes- GrullónZNo se presta c34283d34283